000 00508nam a2200157Ia 4500
008 220204s9999 xx 000 0 und d
082 _a575.155:57.089.3
_bSOM.1
100 _aMohan Jain, S
245 0 _aSomatic embryogenesis in woody plants Vol 1 : History, molecular and biochemical aspects and applications
260 _aDordrecht
_bKluwer Academic
_c1995
490 _aForestry Sciences 45
650 _aCryopreservation
650 _aMicropropagation
650 _aPlant tissue culture
942 _cBK
999 _c41050
_d41050